Autonmerkit maittain: Yhdysvallat - Statistics

Yleistilastot
  • Tätä visaa on pelattu 73 kertaa
  • Keskiarvotulos 8 / 14
Vastaustilastot
Kuvavisa Vastaus % Oikein
Ford
100%
Tesla
97%
Chevrolet
88%
Dodge
82%
Jeep
77%
Chrysler
62%
Corvette
62%
Cadillac
58%
Pontiac
51%
Buick
46%
Lincoln
38%
Plymouth
28%
Saturn
11%
Mercury
9%
Ehtoja vastaavia visoja ei löytynyt
Tulosjakauma
Jokaisen tuloksen saaneiden osuus
Persentiili vastausten määrän mukaan
Tuloshistoriasi
Et ole pelannut tätä visaa